[Event "AUTO-ADV-945"]
[Site "http://www.queenalice.com/game.php?id=485976"]
[Date "2008.10.31"]
[Round "2"]
[White "chessgoddess"]
[Black "Arikalevi"]
[Result "0-1"]
[WhiteElo "2277"]
[BlackElo "2179"]

1. e4 e6 2. d4 d5 3. Nc3 Bb4 4. exd5 exd5 5. Qf3 Nf6 6. Bd3 O-O 7. Ne2 Bg4 8.
Qg3 c5 9. f3 cxd4 10. Nxd4 Re8+ 11. Kf2 Qb6 12. Be3 Rxe3 13. Kxe3 Bd7 14. Ne2
Nc6 15. c3 Re8+ 16. Kf2 Bc5 17. Rhe1 Nxd4 18. Nxd4 Qxb2+ 19. Kf1 Qxc3 20. Bf5
Qxd4 0-1

[Event "AUTO-ADV-945"]
[Site "http://www.queenalice.com/game.php?id=485977"]
[Date "2008.10.31"]
[Round "2"]
[White "Arikalevi"]
[Black "chessgoddess"]
[Result "1-0"]
[WhiteElo "2163"]
[BlackElo "2293"]

1. d4 Nf6 2. Nf3 c5 3. e3 e6 4. Bd3 d5 5. c4 Be7 6. O-O Nc6 7. Nc3 O-O 8. dxc5
Bxc5 9. a3 a5 10. Qc2 d4 11. Ne4 Nxe4 12. Bxe4 f5 13. Bxc6 bxc6 14. exd4 Bxd4
15. Rd1 c5 16. Be3 Bb7 17. Nxd4 cxd4 18. Rxd4 Qf6 19. Rad1 Be4 20. Qe2 Rad8 21.
f3 Bc6 22. b4 1-0

[Event "AUTO-ELITE-201"]
[Site "http://www.queenalice.com/game.php?id=498315"]
[Date "2008.11.25"]
[Round "2"]
[White "Donidon"]
[Black "chessgoddess"]
[Result "1-0"]
[WhiteElo "2323"]
[BlackElo "2238"]

1. e4 c5 2. d4 cxd4 3. c3 dxc3 4. Nxc3 e6 5. Nf3 Nc6 6. Bc4 d6 7. O-O Nf6 8. Qe2
Be7 9. Rd1 Bd7 10. Bf4 e5 11. Bg5 Bg4 12. Be3 O-O 13. h3 Bh5 14. g4 Bg6 15. Nh4
Bxe4 16. g5 Nd4 17. Bxd4 exd4 18. Nxe4 Nxe4 19. Qxe4 Bxg5 20. Nf5 Bf6 21. Qxb7
1-0

[Event "AUTO-ELITE-201"]
[Site "http://www.queenalice.com/game.php?id=498316"]
[Date "2008.11.25"]
[Round "2"]
[White "chessgoddess"]
[Black "Donidon"]
[Result "0-1"]
[WhiteElo "2229"]
[BlackElo "2332"]

1. e4 c5 2. Nf3 Nc6 3. Bb5 d6 4. d4 cxd4 5. Qxd4 Qa5+ 6. Nc3 Qxb5 7. Nxb5 Nxd4
8. Nfxd4 Kd8 9. Bg5 a6 10. Nc3 h6 11. Bh4 g5 12. Bg3 Bg7 13. O-O-O h5 14. h3 h4
15. Bh2 Bd7 16. f4 gxf4 17. Nde2 Nf6 18. Bxf4 Rh5 19. Rhe1 Rc8 20. g4 hxg3 21.
Nxg3 Rxh3 22. e5 Ng4 23. exd6 e5 0-1

[Event "AUTO-ELITE-201"]
[Site "http://www.queenalice.com/game.php?id=498317"]
[Date "2008.11.25"]
[Round "2"]
[White "biscuter"]
[Black "chessgoddess"]
[Result "1-0"]
[WhiteElo "2451"]
[BlackElo "2207"]

1. e4 c5 2. Nf3 d6 3. d4 cxd4 4. Nxd4 Nc6 5. Nc3 Nf6 6. Bc4 e5 7. Nde2 Be7 8.
O-O Bg4 9. Be3 O-O 10. f3 Be6 11. Nd5 Bxd5 12. Bxd5 Qc7 13. c4 Nh5 14. Rc1 Qd7
15. Qd2 Kh8 16. Rfd1 f5 17. exf5 Qxf5 18. g4 Qg6 19. Be4 1-0

[Event "AUTO-ELITE-201"]
[Site "http://www.queenalice.com/game.php?id=498318"]
[Date "2008.11.25"]
[Round "2"]
[White "chessgoddess"]
[Black "biscuter"]
[Result "0-1"]
[WhiteElo "2202"]
[BlackElo "2454"]

1. e4 e5 2. Bc4 Nf6 3. d3 Nc6 4. Nc3 Na5 5. Bg5 Be7 6. Qe2 O-O 7. Nf3 d6 8. h3
c6 9. O-O h6 10. Bd2 Nxc4 11. dxc4 Be6 12. b3 Qc7 13. Rad1 Rfd8 14. Rfe1 Rac8
15. a4 b6 16. Nh4 Nxe4 17. Qxe4 d5 18. Qf3 Bxh4 0-1

[Event "Challenge"]
[Site "http://www.queenalice.com/game.php?id=515292"]
[Date "2008.12.31"]
[Round "-"]
[White "MAGALINGsaROMANSAngChicks"]
[Black "chessgoddess"]
[Result "0-1"]
[WhiteElo "1913"]
[BlackElo "2254"]

1. e4 c5 2. Nf3 e6 3. d4 cxd4 4. Nxd4 g6 5. Nc3 Bg7 6. Be3 Ne7 7. Be2 d5 8. O-O
O-O 9. f4 dxe4 10. Nxe4 Nd5 11. Bc1 Nxf4 12. Nb5 Qb6+ 13. Kh1 Nxe2 14. Qxe2 Bd7
15. Be3 Qxb5 16. c4 Qe5 17. Nc3 Nc6 18. Qd2 Rad8 19. Qf2 a6 20. Rad1 Bc8 21. Bb6
Rxd1 22. Rxd1 Qf5 23. Qe2 e5 24. Nd5 Qg4 25. Qf1 Be6 26. b3 Bxd5 27. cxd5 Nd4
28. h3 Qd7 29. Qc4 Qb5 30. Qc5 Qxc5 31. Bxc5 Rd8 32. d6 Bf8 33. Re1 f6 34. Rf1
Kg7 0-1

[Event "Challenge"]
[Site "http://www.queenalice.com/game.php?id=515293"]
[Date "2008.12.31"]
[Round "-"]
[White "chessgoddess"]
[Black "MAGALINGsaROMANSAngChicks"]
[Result "1-0"]
[WhiteElo "2259"]
[BlackElo "1939"]

1. e4 e6 2. d4 d5 3. Nc3 dxe4 4. Nxe4 Nd7 5. Nf3 Ngf6 6. Bg5 Be7 7. Nxf6+ Nxf6
8. Bd3 h6 9. Bd2 b6 10. c4 c5 11. Bc3 Bb7 12. dxc5 Bxc5 13. O-O Rc8 14. b4 Be7
15. Ne5 Nd7 16. Nxd7 Qxd7 17. Qe2 Qc6 18. f3 O-O 19. Rac1 Qd7 20. Rfd1 Qc6 21.
Be4 Qc7 22. Be5 Qxe5 23. Bh7+ 1-0

[Event "Challenge"]
[Site "http://www.queenalice.com/game.php?id=515296"]
[Date "2008.12.31"]
[Round "-"]
[White "imcute"]
[Black "chessgoddess"]
[Result "0-1"]
[WhiteElo "2028"]
[BlackElo "2256"]

1. e4 c5 2. Nf3 e6 3. d4 d5 4. Nc3 Nf6 5. Bg5 cxd4 6. Qxd4 Be7 7. O-O-O Nc6 8.
Bb5 O-O 9. Bxc6 bxc6 10. exd5 cxd5 11. Rhe1 Ba6 12. Ne5 Qc7 13. Bf4 Qb7 14. Re3
Rfc8 15. Nd3 Rc4 16. Qe5 Ng4 17. Qh5 Nxe3 18. fxe3 Bf6 19. Be5 Rh4 20. Qf3 Bxe5
21. Nxe5 Rb8 22. b3 d4 23. Qxb7 Bxb7 24. g3 Rxh2 25. exd4 Rc8 26. Kb2 Rg2 27.
Rf1 f6 28. Nd3 Rxg3 29. Nb5 Ba6 30. Nxa7 Rxc2+ 31. Kxc2 Bxd3+ 32. Kc3 Bxf1+ 33.
Kb4 h5 34. Nc6 Rg5 35. a4 h4 0-1

[Event "Challenge"]
[Site "http://www.queenalice.com/game.php?id=515297"]
[Date "2008.12.31"]
[Round "-"]
[White "chessgoddess"]
[Black "imcute"]
[Result "1-0"]
[WhiteElo "2249"]
[BlackElo "2020"]

1. e4 e6 2. d4 d5 3. Nc3 dxe4 4. Nxe4 Nd7 5. Nf3 Ngf6 6. Bg5 Be7 7. Nxf6+ Nxf6
8. Bd3 h6 9. Bd2 b6 10. O-O Bb7 11. c4 Qd6 12. Bc3 O-O-O 13. Ne5 Rdf8 14. Qa4
Kb8 15. c5 Qd8 16. Ba6 Nd7 17. Nxd7+ Kc8 18. c6 1-0

[Event "Challenge"]
[Site "http://www.queenalice.com/game.php?id=515998"]
[Date "2009.1.2"]
[Round "-"]
[White "Ahlkhanvio"]
[Black "chessgoddess"]
[Result "1-0"]
[WhiteElo "2288"]
[BlackElo "2177"]

1. d4 Nf6 2. Bg5 Ne4 3. Bf4 c5 4. f3 Qa5+ 5. c3 Nf6 6. Nd2 cxd4 7. Nb3 Qb6 8.
Qxd4 Qxd4 9. cxd4 d5 10. e3 Nc6 11. Bb5 e6 12. Bxc6+ bxc6 13. Rc1 Bd7 14. Ne2
Bb4+ 15. Kf2 O-O 16. Nc5 h6 17. Nxd7 Nxd7 18. Rxc6 Nb6 19. Rhc1 Nc4 20. Rc2 Rfe8
21. b3 e5 22. bxc4 exf4 23. Nxf4 1-0

[Event "Challenge"]
[Site "http://www.queenalice.com/game.php?id=515999"]
[Date "2009.1.2"]
[Round "-"]
[White "chessgoddess"]
[Black "Ahlkhanvio"]
[Result "0-1"]
[WhiteElo "2097"]
[BlackElo "2314"]

1. e4 e6 2. d4 d5 3. Nc3 Nf6 4. e5 Nfd7 5. f4 a6 6. Nf3 c5 7. Be3 Nc6 8. Qd2
cxd4 9. Nxd4 Bc5 10. O-O-O O-O 11. g4 Bxd4 12. Bxd4 b5 13. Ne2 b4 14. Be3 a5 15.
Nd4 Nxd4 16. Bxd4 Ba6 17. f5 Qc7 18. Qe3 Rfc8 19. Rd2 Bxf1 20. Rxf1 Qc4 21. Rdf2
Qxa2 22. f6 gxf6 23. Qh6 Rxc2+ 0-1

[Event "Challenge"]
[Site "http://www.queenalice.com/game.php?id=521590"]
[Date "2009.1.13"]
[Round "-"]
[White "BEBADO"]
[Black "chessgoddess"]
[Result "1-0"]
[WhiteElo "2239"]
[BlackElo "2187"]

1. d4 d5 2. c4 e6 3. Nc3 Nf6 4. cxd5 exd5 5. Bg5 Be7 6. e3 c6 7. Qc2 Bg4 8. Bd3
Nbd7 9. Nge2 Bxe2 10. Qxe2 O-O 11. O-O Re8 12. Rab1 c5 13. dxc5 Nxc5 14. Rfd1
Nfe4 15. Bxe4 Nxe4 16. Nxe4 Bxg5 17. Nxg5 Qxg5 18. Qb5 b6 19. Rxd5 Qg6 20. Rbd1
Qf6 21. Rd6 Qh4 22. g3 Qg4 23. Qd5 h6 24. Rd7 Qg6 25. Rc1 Rac8 26. Rxc8 Rxc8 27.
Kg2 1-0

[Event "Challenge"]
[Site "http://www.queenalice.com/game.php?id=521592"]
[Date "2009.1.13"]
[Round "-"]
[White "chessgoddess"]
[Black "BEBADO"]
[Result "0-1"]
[WhiteElo "2220"]
[BlackElo "2192"]

1. e4 c5 2. Nc3 Nc6 3. g3 e6 4. Bg2 Nf6 5. d3 d5 6. Bg5 d4 7. Nce2 Qb6 8. Bxf6
gxf6 9. Qc1 h5 10. c3 Bd7 11. Nf3 Rc8 12. O-O e5 13. Nh4 Qa6 14. Qd1 Bh6 15. f4
c4 16. dxc4 Qxc4 17. b3 Qc5 18. cxd4 Nxd4 19. Nxd4 exd4 20. Rc1 Qxc1 21. Qxc1
Rxc1 22. Rxc1 Bc6 23. Rd1 Bf8 24. Nf5 Bc5 25. Kf1 d3 26. e5 Bxg2+ 27. Kxg2 fxe5
28. fxe5 Kd7 29. Rxd3+ Ke6 30. Nd6 b6 31. Rf3 Rf8 32. Nc4 b5 0-1